| 000 | 00362nam a2200121Ia 4500 | ||
|---|---|---|---|
| 008 | 210430s9999 xx 000 0 und d | ||
| 082 | _a621 S893 S | ||
| 100 | _aBen G Streetman | ||
| 245 |
_aSolid State Electronic Devices _cBen G Streetman |
||
| 260 |
_aAustin _bMicroelectronics Research Cemter University of Texas _c2000 |
||
| 300 | _a558p. | ||
| 942 |
_cBK _2ddc |
||
| 999 |
_c562417 _d562417 |
||